000 00729cam a22002293a 4500
001 14595
003 PGUSA
005 20140828083319.0
008 050104s2005||||xxu|||||s|||||000 1 eng d
040 _aPGUSA
_beng
042 _adc
050 4 _aPZ
100 1 _aOptic, Oliver,
_d1822-1897
245 1 4 _aThe Soldier Boy; or, Tom Somers in the Army :
_bA Story of the Great Rebellion
_h[electronic resource] /
_cOliver Optic
260 _bProject Gutenberg,
_c2005
506 _aPublic domain in the USA.
516 _aElectronic text
653 _aUnited States -- History -- Civil War, 1861-1865 -- Juvenile fiction
830 0 _aProject Gutenberg
_v14595
856 4 0 _uhttp://www.gutenberg.org/ebooks/14595
942 _cEB
999 _c243850
_d243850